Palabras en torno a Cristo
Tallennettuna:
| Aineistotyyppi: | Kirja |
|---|---|
| Kieli: | espanja |
| Julkaistu: |
Santiago
Del Colegio
1980
|
| Painos: | 1a. ed |
| Sarja: | Ediciones del Colegio, 6
|
| Aiheet: | |
| Tagit: |
Lisää tagi
Ei tageja, Lisää ensimmäinen tagi!
|
MARC
| LEADER | 00000cam a2200000 a 4500 | ||
|---|---|---|---|
| 001 | UCM9688 | ||
| 003 | CL-VaPUC | ||
| 008 | 030509e19800000CL |||||||||||||||||spa|d | ||
| 082 | 0 | 4 | |a 291.432 |b PAL |2 21 |
| 245 | 1 | 0 | |a Palabras en torno a Cristo |
| 250 | |a 1a. ed | ||
| 300 | |a 106 p | ||
| 942 | |c BK | ||
| 945 | |d 20030509 00:00:00 |a cmena | ||
| 260 | |a Santiago |b Del Colegio |c 1980 | ||
| 650 | 0 | |a Poesía cristiana |9 476225 | |
| 650 | 7 | |a LITERATURA PIADOSA |2 CL-VaPUC |9 467509 | |
| 650 | 7 | |a POESIA CHILENA CRISTIANA |2 CL-VaPUC |9 476226 | |
| 583 | |a last modification |c 20170706 01:33:04 |k Rodrigo Vera | ||
| 490 | 0 | |a Ediciones del Colegio, 6 | |
| 999 | |c 303831 |d 303829 | ||
| 952 | |0 0 |1 0 |4 0 |6 291_432000000000000_PAL_1980 |7 0 |8 P |9 365400 |a BIBEDU |b BIBEDU |d 2019-11-21 |i 3902404 |o 291.432 PAL 1980 |p 3902404 |r 2019-11-21 |w 2019-11-21 |y BK |k BME | ||
| 952 | |0 0 |1 0 |3 erb |4 0 |6 291_432000000000000_PAL_1980 |7 0 |8 X |9 365401 |a FDOBUD |b FDOBUD |i 540729K |o 291.432 PAL 1980 |p 540729K |r 2019-11-21 |w 2019-11-21 |y BK_X |z Catalogado en:20170709 |k BUD | ||